La mela mascherata /

inalista al Premio Andersen 2018, miglior libro a fumettiUn western epico con i toni esilaranti delle commedie alla Monthy Python, dove la migliore tradizione del fumetto per l'infanzia si contamina a visioni bizzarre. Il Passatore è un brigante ben poco raccomandabile. La Mela Cotogna - con meno sa...

Fuld beskrivelse

Saved in:
Bibliografiske detaljer
Hovedforfatter: Martoz
Format: Bog
Sprog:italiensk
Udgivet: Bologna : Canicola, 2017
Serier:Dino Buzzati
Tags: Tilføj Tag
Ingen Tags, Vær først til at tagge denne postø!

MARC

LEADER 00000nam a22000007i 4500
001 IT\ICCU\VIA\0332602
003 ItRI
005 20260115232209.0
008 170505s2017 it |||||| ||||| |||||c
020 |a 9788899524142 
040 |b ita  |c importazione bologna sebina 
041 7 |a ita  |2 ISO-639-2 
100 0 |a Martoz  |0 IT\ICCU\LO1V\445662 
240 1 3 |a La mela mascherata  |3 IT\ICCU\URB\0922804  |9 Martoz 
245 1 3 |a La mela mascherata /  |c Martoz. 
260 |a Bologna :  |b Canicola,  |c 2017 
300 |a 60 p. :  |b fumetti ;  |c 25 cm 
520 |a inalista al Premio Andersen 2018, miglior libro a fumettiUn western epico con i toni esilaranti delle commedie alla Monthy Python, dove la migliore tradizione del fumetto per l'infanzia si contamina a visioni bizzarre. Il Passatore è un brigante ben poco raccomandabile. La Mela Cotogna - con meno sale e più pipistrello - è un antidoto profumato contro le nefandezze del potere. Lucia è l'eroina senza paura che ci spinge con ritmo forsennato in un'avventura lisergica per tutte le età. Età di lettura: da 8 anni. 
790 1 |a Martorelli, Alessandro,  |d  (1990- )  |3 IT\ICCU\RAVV\687961  |z Martoz 
830 0 |a Dino Buzzati  |0 IT\ICCU\VIA\0332604 
942 |2 ddc  |c BK  |n 0 
952 |0 0  |1 0  |4 0  |6 R_741_594000000000000_MAR  |7 0  |9 21792  |a BO  |b BO  |d 2026-01-15  |i 20271  |l 0  |o R 741.594 MAR  |p BO20271  |r 2026-01-15 23:22:09  |w 2026-01-15  |x [Sebina 5] [1 v.]  |y BK  |z 1 v. 
999 |c 18621  |d 18621